Horaris comercials 2011 : informa-te'n! = Horaires commerciaux 2011 : informez-vous! : català - français informa-te'n! = Horaires commerciaux 2011 :
Publicado:
Barcelona :
Diputació de Barcelona. Àrea de Desenvolupament Econòmic i Ocupació. Gerència de Serveis de Comerç Urbà. Servei de Comerç Urbà ,
2012
Descripción Física:
7 p. : il. col. ; 21 cm
Materias:
Establiments comercials
MARC
| LEADER | 00000nam a2200000Ia 4500 | ||
|---|---|---|---|
| 001 | 23501 | ||
| 008 | 160829s2012 xx 000 0 cat d | ||
| 080 | |a FU-61-53 | ||
| 245 | |a Horaris comercials 2011 : |b informa-te'n! = Horaires commerciaux 2011 : |b informez-vous! : |b català - français | ||
| 260 | |a Barcelona : |b Diputació de Barcelona. Àrea de Desenvolupament Econòmic i Ocupació. Gerència de Serveis de Comerç Urbà. Servei de Comerç Urbà, |c 2012 | ||
| 300 | |a 7 p. : |b il. col. ; |c 21 cm | ||
| 590 | |a Text en català i francès. | ||
| 650 | |a Establiments comercials |9 40106 | ||
| 710 | 1 | |a Barcelona (Catalunya : Província). |b Àrea de Desenvolupament Econòmic i Ocupació |9 51324 | |
| 901 | |a Arxiu | ||
| 942 | |n 1 | ||
| 952 | |0 0 |1 0 |4 0 |6 FU6153 |7 1 |9 54939 |a Arxiu |b Arxiu |d 2012-08-06 |l 0 |o FU-61-53 |p 23501 |r 2016-12-01 00:00:00 |w 2016-12-01 |y ARXIU | ||
| 999 | |c 58809 |d 58809 | ||